Living places (Record no. 103736)

MARC details
000 -LEADER
fixed length control field 01279cam a2200205 4500
001 - CONTROL NUMBER
control field ##L127327
008 - FIXED-LENGTH DATA ELEMENTS--GENERAL INFORMATION
fixed length control field 040913n2004 000 0 eng u
020 ## - INTERNATIONAL STANDARD BOOK NUMBER
International Standard Book Number 1859461417
035 ## - SYSTEM CONTROL NUMBER
System control number (Sirsi) u127327
041 0# - LANGUAGE CODE
Language code of text/sound track or separate title eng
050 04 - LIBRARY OF CONGRESS CALL NUMBER
Classification number 711.52 $2 18
110 2# - MAIN ENTRY--CORPORATE NAME
Corporate name or jurisdiction name as entry element United Kingdom
Subordinate unit Office of the Deputy Prime Minister
245 00 - TITLE STATEMENT
Title Living places
Remainder of title caring for quality
260 ## - PUBLICATION, DISTRIBUTION, ETC.
Place of publication, distribution, etc. London
Name of publisher, distributor, etc. RIBA
Date of publication, distribution, etc. 2004
300 ## - PHYSICAL DESCRIPTION
Extent 195p
Other physical details ill, tables, graphs
Dimensions 30cm
350 ## - PRICE (NR) (BK AM CF MU VM SE) [OBSOLETE]
Price 35
520 ## - SUMMARY, ETC.
Summary, etc. Drawing on extensive research evidence, this report illustrates how local authorities and other stakeholders are moving towards a new, more holistic approach to public space management, and thus helping in the delivery of more sustainable communities. Part 1 examines what is meant by external public space, why it is important, and what is wrong (and right) about current practice. Part 2 offers information, advice and recommendations for more innovative approaches to the management of such public space, drawing on a wide variety of case studies. Part 3 provides local authorities and others with a framework for questioning current practice and help them move towards more integrated and effective public space management in future.
690 ## - LOCAL SUBJECT ADDED ENTRY--TOPICAL TERM (OCLC, RLIN)
Topical term or geographic name as entry element Planning and development
9 (RLIN) 6259
942 ## - ADDED ENTRY ELEMENTS (KOHA)
Suppress in OPAC 0
Holdings
Withdrawn status Lost status Source of classification or shelving scheme Damaged status Not for loan Home library Current library Shelving location Date acquired Cost, normal purchase price Total Checkouts Full call number Barcode Date last seen Copy number Cost, replacement price Price effective from Koha item type
    Dewey Decimal Classification     London London Books 12/12/2005 35.00   F711.52 OFF 30061287 06/08/2019 1 35.00 06/08/2019 Book